| 000 | 01671nam0a2200385 4500 | ||
|---|---|---|---|
| 001 | RU\NLR\BIBL_A\012723898 | ||
| 005 | 20260409065345.0 | ||
| 010 |
_a978-5-907428-11-9 _93000 |
||
| 021 |
_aRU _b2021-81637 _9КН-П-6506 |
||
| 035 | _a(RuMoRGB)010889612 | ||
| 035 | _a(NLR Aleph) 012723898 | ||
| 090 |
_a12950253 _c12950253 |
||
| 100 | _a20220304d2022 |||y0rusy50 ca | ||
| 101 | 1 |
_arus _ceng |
|
| 102 | _aRU | ||
| 105 | _aa|||z|||000zd | ||
| 181 | 0 |
_ai _baxxe |
|
| 182 | 0 | _an | |
| 200 | 1 |
_aИскусство _eписьма на заметку _fсоставитель Шон Ашер _gперевод с английского Юрия Мачкасова |
|
| 203 |
_aТекст _bвизуальный _cнепосредственный |
||
| 210 |
_aМосква _cЛайвбук _d2022 [т. е. 2021] |
||
| 215 |
_a205, [1] с. _cил. _d17 |
||
| 225 | 1 |
_aArt _eколлекция писем легендарных людей |
|
| 300 | _aЗагл. ориг.: Art: Letters of note | ||
| 300 | _aКн. фактически изд. в 2021 г. | ||
| 300 | _aСодерж. авт.: Сальвадор Дали, Артемизия Джентилески, Анри Матисс, Мартин Скорсезе, Марк Ротко, Оскар Уайльд, Микеланджело, Фрида Кало, Мик Джаггер | ||
| 333 | _a16+ | ||
| 454 | 0 |
_12001#$aArt$eLetters of note _tArt |
|
| 606 |
_aИскусство _3RU\NLR\AUTH\6626297 _9934834 |
||
| 686 | 1 | _aЩ,0 | |
| 702 | 1 |
_aАшер _bШ. _f1978- _gШон _4220 |
|
| 942 | _cBOOK | ||
| 980 | _aNB | ||